MARC details
| 000 -LEADER |
| campo de control de longitud fija |
02914cam a22004694a 4500 |
| 001 - NÚMERO DE CONTROL |
| campo de control |
108935 |
| 005 - FECHA Y HORA DE LA ÚLTIMA TRANSACCIÓN |
| campo de control |
20230410132811.0 |
| 008 - DATOS DE LONGITUD FIJA--INFORMACIÓN GENERAL |
| campo de control de longitud fija |
070711s2007 mau b 001 0 eng |
| 035 ## - NÚMERO DE CONTROL DEL SISTEMA |
| Número de control de sistema |
14926225 |
| 010 ## - NÚMERO DE CONTROL DE LA BIBLIOTECA DEL CONGRESO |
| Número de control de LC |
2007028748 |
| 016 7# - NÚMERO DE CONTROL DE UNA AGENCIA BIBLIOGRÁFICA NACIONAL |
| Número de control del registro |
101311654 |
| Fuente |
DNLM |
| 020 ## - NÚMERO INTERNACIONAL ESTÁNDAR DEL LIBRO |
| Número Internacional Estándar del Libro |
9781405160629 (pbk. : alk. paper) |
| 020 ## - NÚMERO INTERNACIONAL ESTÁNDAR DEL LIBRO |
| Número Internacional Estándar del Libro |
1405160624 (pbk. : alk. paper) |
| 035 ## - NÚMERO DE CONTROL DEL SISTEMA |
| Número de control de sistema |
(OCoLC)ocn155756599 |
| 040 ## - FUENTE DE CATALOGACIÓN |
| Centro catalogador/agencia de origen |
DNLM/DLC |
| Lengua de catalogación |
eng |
| Centro/agencia transcriptor |
DLC |
| Centro/agencia modificador |
BTCTA |
| -- |
NLM |
| -- |
BAKER |
| -- |
YDXCP |
| -- |
BWKUK |
| -- |
BWK |
| -- |
UBY |
| -- |
DEBBG |
| -- |
OCLCQ |
| -- |
OCL |
| -- |
DLC |
| 042 ## - CÓDIGO DE AUTENTICACIÓN |
| Código de autenticación |
pcc |
| 050 14 - SIGNATURA TOPOGRÁFICA DE LA BIBLIOTECA DEL CONGRESO |
| Número de clasificación |
QH 588 |
| Número de ítem |
S824 2007 |
| 082 00 - NÚMERO DE LA CLASIFICACIÓN DECIMAL DEWEY |
| Número de clasificación |
616/.02774 |
| 245 00 - MENCIÓN DEL TÍTULO |
| Título |
Stem cell research : |
| Resto del título |
the ethical issues / |
| Mención de responsabilidad, etc. |
edited by Lori Gruen, Laura Grabel, and Peter Singer. |
| 260 ## - PUBLICACIÓN, DISTRIBUCIÓN, ETC. |
| Lugar de publicación, distribución, etc. |
Malden, MA ; |
| -- |
Oxford : |
| Nombre del editor, distribuidor, etc. |
Blackwell Pub., |
| Fecha de publicación, distribución, etc. |
2007. |
| 300 ## - DESCRIPCIÓN FÍSICA |
| Extensión |
viii, 209 p. ; |
| Dimensiones |
23 cm. |
| 440 #0 - MENCIÓN DE SERIE/PUNTO DE ACCESO ADICIONAL--TÍTULO |
| Título |
Metaphilosophy series in philosophy |
| 500 ## - NOTA GENERAL |
| Nota general |
"First published in Metaphilosophy 38, nos. 2-3 (April 2007)."--T.p. verso. |
| 504 ## - NOTA DE BIBLIOGRAFÍA, ETC. |
| Nota de bibliografía, etc. |
Includes bibliographical references and index. |
| 505 0# - NOTA DE CONTENIDO CON FORMATO |
| Nota de contenido con formato |
The ambiguity of the embryo : ethical inconsistency in the human embryonic stem cell debate / Katrien Devolder and John Harris -- Killing embryos for stem cell research / Jeff McMahan -- The moral-principle objection to human embryonic stem cell research / Don Marquis -- How is the ethics of stem cell research different from the ethics of abortion? / Elizabeth Harman -- Respecting human embryos within stem cell research : seeking harmony / Bertha Alvarez Manninen -- Rescuing human embryonic stem cell research : the possibility of embryo reconstitution after stem cell derivation / Katrien Devolder and Christopher M. Ward -- The moral status of stem cells / Agata Sagan and Peter Singer -- Oocytes for sale? / Lori Gruen -- Human-animal chimeras : human dignity, moral status, and species prejudice / David DeGrazia -- Why no compromise is possible / Torbjèorn Tèannsjèo. |
| 650 #0 - PUNTO DE ACCESO ADICIONAL DE MATERIA--TÉRMINO DE MATERIA |
| Término de materia o nombre geográfico como elemento de entrada |
Embryonic stem cells |
| Subdivisión general |
Research |
| -- |
Moral and ethical aspects. |
| 650 #0 - PUNTO DE ACCESO ADICIONAL DE MATERIA--TÉRMINO DE MATERIA |
| Término de materia o nombre geográfico como elemento de entrada |
Embryo Research |
| Subdivisión general |
ethics |
| Subdivisión de forma |
Collected Works. |
| 650 #0 - PUNTO DE ACCESO ADICIONAL DE MATERIA--TÉRMINO DE MATERIA |
| Término de materia o nombre geográfico como elemento de entrada |
Stem Cells |
| Subdivisión de forma |
Collected Works. |
| 650 #4 - PUNTO DE ACCESO ADICIONAL DE MATERIA--TÉRMINO DE MATERIA |
| Término de materia o nombre geográfico como elemento de entrada |
Células madre. |
| 650 #4 - PUNTO DE ACCESO ADICIONAL DE MATERIA--TÉRMINO DE MATERIA |
| Término de materia o nombre geográfico como elemento de entrada |
Células madre |
| Subdivisión general |
Etica |
| 650 #4 - PUNTO DE ACCESO ADICIONAL DE MATERIA--TÉRMINO DE MATERIA |
| Término de materia o nombre geográfico como elemento de entrada |
Células madre |
| Subdivisión general |
Aspectos éticos y morales |
| 700 1# - ENTRADA AGREGADA--NOMBRE PERSONAL |
| Nombre de persona |
Gruen, Lori. |
| 700 1# - ENTRADA AGREGADA--NOMBRE PERSONAL |
| Nombre de persona |
Grabel, Laura. |
| 700 1# - ENTRADA AGREGADA--NOMBRE PERSONAL |
| Nombre de persona |
Singer, Peter, |
| Fechas asociadas al nombre |
1946- |
| 730 0# - ASIENTO SECUNDARIO--TITULO UNIFORME |
| Título uniforme |
Metaphilosophy. |
| 856 42 - LOCALIZACIÓN Y ACCESO ELECTRÓNICOS |
| Materiales especificados |
Contributor biographical information |
| Identificador Uniforme de Recursos |
<a href="http://www.loc.gov/catdir/enhancements/fy0803/2007028748-b.html">http://www.loc.gov/catdir/enhancements/fy0803/2007028748-b.html</a> |
| 856 42 - LOCALIZACIÓN Y ACCESO ELECTRÓNICOS |
| Materiales especificados |
Publisher description |
| Identificador Uniforme de Recursos |
<a href="http://www.loc.gov/catdir/enhancements/fy0803/2007028748-d.html">http://www.loc.gov/catdir/enhancements/fy0803/2007028748-d.html</a> |
| 856 41 - LOCALIZACIÓN Y ACCESO ELECTRÓNICOS |
| Materiales especificados |
Table of contents only |
| Identificador Uniforme de Recursos |
<a href="http://www.loc.gov/catdir/enhancements/fy0803/2007028748-t.html">http://www.loc.gov/catdir/enhancements/fy0803/2007028748-t.html</a> |
| 856 41 - LOCALIZACIÓN Y ACCESO ELECTRÓNICOS |
| Materiales especificados |
Table of contents |
| Identificador Uniforme de Recursos |
<a href="http://bvbr.bib-bvb.de:8991/F?func=service&doc_library=BVB01&doc_number=016144080&line_number=0001&func_code=DB_RECORDS&service_type=MEDIA">http://bvbr.bib-bvb.de:8991/F?func=service&doc_library=BVB01&doc_number=016144080&line_number=0001&func_code=DB_RECORDS&service_type=MEDIA</a> |
| 925 0# - |
| -- |
acquire |
| -- |
2 shelf copies |
| -- |
policy default |
| -- |
claim1 2010-02-16 |
| 942 ## - ELEMENTOS DE ENTRADA SECUNDARIOS (KOHA) |
| Fuente del sistema de clasificación o colocación |
Clasificación de Library of Congress |
| Tipo de ítem Koha |
|